000 00840nam a22002777a 4500
001 BR2019000910
003 BR-BrBNA
005 20230928105433.0
007 ta
008 230509b bl.||||| |||| 00| 0 por d
040 _aBR-BrBNA
_bpor
_cBiblioteca Nacional de Agricultura
041 _a(Por)
072 _aQ55
_b3740
090 _ 3740 BR2019000910
110 1 _aSindicato Nacional da Indústria de Alimentação Animal, São Paulo, SP (Brasil)
_99546
245 1 _aGuia de aditivos; ácidos orgânicos, aminoácidos, enzimas, microminerais, vitaminas
260 3 _aSão Paulo, SP (Brasil):
_c2005.
300 _a46 p.
500 _a1 illus.; 7 tables
650 _aADITIVO
650 _aRAÇÃO
650 _aTECNOLOGIA DE ALIMENTO
650 _aNUTRIÇÃO ANIMAL
909 _a202309
_bLucia
_c55
_dLucia Elande
942 _cBK
999 _c85137
_d85137